Skoki Narciarskie - Najlepsi Japończycy w PŚ w XXI wieku - Statystyki

Ogólne statystyki
  • Ten quiz został rozwiązany 148 razy
  • Średni wynik to 22 z 25
Statystyki odpowiedzi
Sezon Zawodnik % Poprawnych
2018/19 Ryoyu Kobayashi
99%
2019/20 Ryoyu Kobayashi
99%
2020/21 Ryoyu Kobayashi
99%
2021/22 Ryoyu Kobayashi
99%
2022/23 Ryoyu Kobayashi
99%
2023/24 Ryoyu Kobayashi
99%
2024/25 Ryoyu Kobayashi
99%
2017/18 Junshiro Kobayashi
98%
2000/01 Noriaki Kasai
96%
2003/04 Noriaki Kasai
96%
2006/07 Noriaki Kasai
96%
2008/09 Noriaki Kasai
96%
2013/14 Noriaki Kasai
96%
2014/15 Noriaki Kasai
96%
2015/16 Noriaki Kasai
96%
2016/17 Noriaki Kasai
96%
2004/05 Daiki Ito
80%
2009/10 Daiki Ito
80%
2010/11 Daiki Ito
80%
2011/12 Daiki Ito
80%
2001/02 Kazuyoshi Funaki
78%
2005/06 Takanobu Okabe
57%
2007/08 Taku Takeuchi
53%
2012/13 Taku Takeuchi
53%
2002/03 Hideharu Miyahira
32%
Nie znaleziono quizów pasujących do podanych kryteriów
Rozkład punktacji
Procent ludzi z każdym wynikiem
Percentyl według liczby udzielonych odpowiedzi
Twoja historia wyników
Nie rozwiązałeś tego quizu